<?xml version="1.0" encoding="UTF-8"?>
<record
    xmlns:xsi="http://www.w3.org/2001/XMLSchema-instance"
    xsi:schemaLocation="http://www.loc.gov/MARC21/slim http://www.loc.gov/standards/marcxml/schema/MARC21slim.xsd"
    xmlns="http://www.loc.gov/MARC21/slim">

  <leader>01215nam a22001937a 4500</leader>
  <controlfield tag="003">OSt</controlfield>
  <controlfield tag="005">20211214162412.0</controlfield>
  <controlfield tag="008">190921b        xxu||||| |||| 00| 0 eng d</controlfield>
  <datafield tag="020" ind1=" " ind2=" ">
    <subfield code="a">9789351111962</subfield>
  </datafield>
  <datafield tag="040" ind1=" " ind2=" ">
    <subfield code="c">LC</subfield>
  </datafield>
  <datafield tag="050" ind1=" " ind2=" ">
    <subfield code="a">REF</subfield>
  </datafield>
  <datafield tag="100" ind1=" " ind2=" ">
    <subfield code="q">Khattri, Neeraj.</subfield>
  </datafield>
  <datafield tag="245" ind1=" " ind2=" ">
    <subfield code="a">Media in 21st century. /</subfield>
    <subfield code="c">Neeraj Khattri.</subfield>
  </datafield>
  <datafield tag="260" ind1=" " ind2=" ">
    <subfield code="a">New Delhi :</subfield>
    <subfield code="b">Random Publications,</subfield>
    <subfield code="c">2014.</subfield>
  </datafield>
  <datafield tag="300" ind1=" " ind2=" ">
    <subfield code="a">206 p. :</subfield>
    <subfield code="c">23 cm.</subfield>
  </datafield>
  <datafield tag="500" ind1=" " ind2=" ">
    <subfield code="a">Includes index.</subfield>
  </datafield>
  <datafield tag="505" ind1=" " ind2=" ">
    <subfield code="a">Contents: Technology, media literacy and public sphere: some unconventional reflections -- Internet and political attitudes: perspective of elections in Mexico in 2012 -- Secularism - on the touchstones of newspaper headlines -- Aspects of dress code RAT TRAP Adoors' cinema -- Effect of information communication and technology (ICT) on corruption an social capital -- Study of social changing, mental health and stress in machine life -- The role of cinema in education: a comprehensive study in the context of school cinema -- The concepts of send and receiver' in Sadharanikaran theory of communication: a study analyzing communication depicted in Natyasastra.                                                                            </subfield>
  </datafield>
  <datafield tag="942" ind1=" " ind2=" ">
    <subfield code="2">lcc</subfield>
    <subfield code="c">BK</subfield>
  </datafield>
  <datafield tag="999" ind1=" " ind2=" ">
    <subfield code="c">6972</subfield>
    <subfield code="d">14472</subfield>
  </datafield>
  <datafield tag="952" ind1=" " ind2=" ">
    <subfield code="0">0</subfield>
    <subfield code="1">0</subfield>
    <subfield code="2">lcc</subfield>
    <subfield code="4">0</subfield>
    <subfield code="7">0</subfield>
    <subfield code="a">WIUC-1</subfield>
    <subfield code="b">WIUC-1</subfield>
    <subfield code="c">REF</subfield>
    <subfield code="d">2019-09-21</subfield>
    <subfield code="l">0</subfield>
    <subfield code="o">REF</subfield>
    <subfield code="p">8516/110/19</subfield>
    <subfield code="r">2019-09-21 00:00:00</subfield>
    <subfield code="w">2019-09-21</subfield>
    <subfield code="y">BK</subfield>
  </datafield>
  <datafield tag="952" ind1=" " ind2=" ">
    <subfield code="0">0</subfield>
    <subfield code="1">0</subfield>
    <subfield code="2">lcc</subfield>
    <subfield code="4">0</subfield>
    <subfield code="7">0</subfield>
    <subfield code="a">WIUC-KL</subfield>
    <subfield code="b">WIUC-KL</subfield>
    <subfield code="c">REF</subfield>
    <subfield code="d">2019-11-11</subfield>
    <subfield code="l">0</subfield>
    <subfield code="o">P91.6.M48</subfield>
    <subfield code="p">K/1926/1926/19</subfield>
    <subfield code="r">2021-12-14 00:00:00</subfield>
    <subfield code="t">1</subfield>
    <subfield code="w">2021-12-14</subfield>
    <subfield code="y">BK</subfield>
  </datafield>
  <datafield tag="952" ind1=" " ind2=" ">
    <subfield code="0">0</subfield>
    <subfield code="1">0</subfield>
    <subfield code="2">lcc</subfield>
    <subfield code="4">0</subfield>
    <subfield code="7">0</subfield>
    <subfield code="a">WIUC-KL</subfield>
    <subfield code="b">WIUC-KL</subfield>
    <subfield code="c">REF</subfield>
    <subfield code="d">2019-11-11</subfield>
    <subfield code="l">0</subfield>
    <subfield code="o">P91.6.M481</subfield>
    <subfield code="p">K/1927/1927/19</subfield>
    <subfield code="r">2021-12-14 00:00:00</subfield>
    <subfield code="t">2</subfield>
    <subfield code="w">2021-12-14</subfield>
    <subfield code="y">BK</subfield>
  </datafield>
</record>
